2015 WWE Divas - Statistics

General Stats
  • This quiz has been taken 249 times
  • The average score is 9 of 14
Answer Stats
Divas % Correct
Nikki Bella
96%
Brie Bella
94%
Naomi
88%
Paige
86%
Natalya
76%
Sasha Banks
76%
Charlotte
73%
Becky Lynch
70%
Alicia Fox
63%
Cameron
53%
Summer Rae
52%
Eva Marie
49%
Lana
35%
Rosa Mendez
34%
No matching quizzes found
Score Distribution
Percent of People with Each Score
Percentile by Number Answered
Your Score History
You have not taken this quiz